Pro Izrael charakteristický individualismus

Individuálny spôsob obchodného jednania v Izraeli daný spoločenskou rôznorodosťou krajiny. Neformálnosť v jednaní. Rokovanie štýlom víťazstvo - prehra. Tvrdosť a priebojnosť izraelských obchodníkov. Snaha izraelských obchodníkov čo najlepšie spoznať zahraničného partnera. Dohadovanie sa o cene. Rých...

Celý popis

Uložené v:
Podrobná bibliografia
Hlavný autor: Gullová, Soňa
Médium: Kapitola
Jazyk:Czech
Predmet:
Tagy: Pridať tag
Žiadne tagy, Buďte prvý, kto otaguje tento záznam!

MARC

LEADER 00000naa$a2200000$$$4500
001 0061913
005 20231016105841.6
041 0 |a cze 
044 |a CZ 
245 1 0 |a Pro Izrael charakteristický individualismus  |c Soňa Gullová 
520 |a Individuálny spôsob obchodného jednania v Izraeli daný spoločenskou rôznorodosťou krajiny. Neformálnosť v jednaní. Rokovanie štýlom víťazstvo - prehra. Tvrdosť a priebojnosť izraelských obchodníkov. Snaha izraelských obchodníkov čo najlepšie spoznať zahraničného partnera. Dohadovanie sa o cene. Rýchly spád obchodného rokovania. 
610 2 0 |a obchod zahraničný 
610 2 0 |a rokovania obchodné 
610 2 0 |a spolupráca medzinárodná 
610 2 0 |a partneri obchodní 
610 2 0 |a kultúra 
610 2 0 |a národ 
610 2 0 |a Izrael 
100 1 |a Gullová, Soňa